000 00407nam a2200181Ia 4500
001 21191
005 20260306172901.0
008 260306t2011||||xx |||||||||||||| ||spa||
041 _aESP
082 _a344.2
_bA74
100 _aArmaza Galdos, Julio
_eAUT
245 0 _aLo que salga
260 _c2011
300 _a50páginas :
_c18cm.
650 _aGEN
654 _aCDE
942 _cLIB
_dJUS
_fJUS
_2ddc
_n
999 _c21191
_d21191